Report to the President by the Emergency Board, Appointed Under the Provisions of the Railway Labor Act, To Investigate and Report, In Respect, to the Disputes Between the Duluth, Missabe and Iron Range Railway Co. [et al.], and Certain of their Employees as Represented by Brotherhood of Railway and Steamship Clerks, Freight Handlers, Express, and Station Employees.

Bibliographic Details
Corporate Author: United States. National Mediation Board
Format: Government Document eBook
Language:English
Published: [Washington] : [s.n.], 1941.
Subjects:
Online Access:Electronic resource (PDF)

MARC

Tag First Indicator Second Indicator Subfields
LEADER 00000cam a22000001i 4500
001 in00003929521
006 m d f
007 cr bn mmmapmmp
008 410803s1941 dcu o f000 0 eng d
005 20250211000537.5
035 |a ebd19401462757 
040 |a UMI  |c UMI  |e rda  |d UtOrBLW 
086 0 |a NMB 1.7:D 88 
099 |a NMB1.7..D88 
110 1 |a United States.  |b National Mediation Board.  |0 http://id.loc.gov/authorities/names/n81074419 
245 1 0 |a Report to the President by the Emergency Board, Appointed Under the Provisions of the Railway Labor Act, To Investigate and Report, In Respect, to the Disputes Between the Duluth, Missabe and Iron Range Railway Co. [et al.], and Certain of their Employees as Represented by Brotherhood of Railway and Steamship Clerks, Freight Handlers, Express, and Station Employees. 
264 1 |a [Washington] :  |b [s.n.],  |c 1941. 
300 |a 1 online resource (20 pages), digital, PDF file 
336 |a text  |b txt  |2 rdacontent 
337 |a computer  |b c  |2 rdamedia 
338 |a online resource  |b cr  |2 rdacarrier 
533 |a Electronic reproduction.  |b [Bethesda, Md.] :  |c ProQuest,  |d 2016  |e digital, PDF file.  |n ProQuest U.S. Executive Branch Documents  |n Mode of access: World Wide Web via ProQuest website. 
588 |a Record is based on online resource; title from PDF title page (ProQuest, last viewed Nov. 2016). Reuse except for individual research requires license from ProQuest, LLC. 
650 0 |a Mediation.  |0 http://id.loc.gov/authorities/subjects/sh85082846 
650 0 |a Industrial relations.  |0 http://id.loc.gov/authorities/subjects/sh85065928 
650 0 |a Labor.  |0 http://id.loc.gov/authorities/subjects/sh90004091 
650 0 |a Railroads.  |0 http://id.loc.gov/authorities/subjects/sh85110904 
856 4 0 |u http://proxy.library.tamu.edu/login?url=http://congressional.proquest.com/congressional/docview/t66.d71.nmb1.7..d88?  |y Electronic resource (PDF)  |t 0 
999 f f |s 7ab8fa3f-5c3f-3389-a43d-90f4def0decb  |i 256f3ca3-6fc7-30bf-ba90-4e210dc68a58  |t 0 
952 f f |a Texas A&M University  |b College Station  |c Electronic Resources  |d Available Online  |t 0  |h No information provided 
998 f f |t 0  |l Available Online